Devil's waltz / (Запис № 488289)

МАРК-запис
000 -LEADER
fixed length control field 01457cam a2200349Ia 4500
001 - CONTROL NUMBER
control field devilswaltz00kell
003 - CONTROL NUMBER IDENTIFIER
control field CaSfIA
005 - DATE AND TIME OF LATEST TRANSACTION
control field 20210118001936.0
007 - PHYSICAL DESCRIPTION FIXED FIELD--GENERAL INFORMATION
fixed length control field cr||||
008 - FIXED-LENGTH DATA ELEMENTS--GENERAL INFORMATION
fixed length control field 931022r1993uuuunyu 000 1 eng d
010 ## - LIBRARY OF CONGRESS CONTROL NUMBER
Canceled/invalid LC control number 92018089
040 ## - CATALOGING SOURCE
Original cataloging agency MLN
Transcribing agency MLN
Modifying agency SLC
-- OCL
-- OCLCQ
-- BTCTA
-- CaSfIA
020 ## - INTERNATIONAL STANDARD BOOK NUMBER
International Standard Book Number 0553563521 :
Terms of availability $6.50
020 ## - INTERNATIONAL STANDARD BOOK NUMBER
International Standard Book Number 9780553563528
035 ## - SYSTEM CONTROL NUMBER
System control number (OCoLC)29179848
050 #4 - LIBRARY OF CONGRESS CALL NUMBER
Classification number PS3561.E3865
Item number D48 1993bx
082 04 - DEWEY DECIMAL CLASSIFICATION NUMBER
Classification number 813/.54
Edition number 20
100 1# - MAIN ENTRY--PERSONAL NAME
Personal name Kellerman, Jonathan.
245 10 - TITLE STATEMENT
Title Devil's waltz /
Medium [electronic resource]
Statement of responsibility, etc Jonathan Kellerman.
260 ## - PUBLICATION, DISTRIBUTION, ETC. (IMPRINT)
Place of publication, distribution, etc New York :
Name of publisher, distributor, etc Bantam,
Date of publication, distribution, etc 1993.
300 ## - PHYSICAL DESCRIPTION
Extent 495 p. ;
Dimensions 18 cm.
506 ## - RESTRICTIONS ON ACCESS NOTE
Standardized terminology for access restriction Необхідна авторизація на https://archive.org/ (створення облікового запису безкоштовно)
506 ## - RESTRICTIONS ON ACCESS NOTE
Standardized terminology for access restriction Необхідна авторизація на https://openlibrary.org/ (створення облікового запису безкоштовно)
650 #0 - SUBJECT ADDED ENTRY--TOPICAL TERM
Topical term or geographic name as entry element Delaware, Alex (Fictitious character)
Form subdivision Fiction.
650 #0 - SUBJECT ADDED ENTRY--TOPICAL TERM
Topical term or geographic name as entry element Sturgis, Milo (Fictitious character)
Form subdivision Fiction.
650 #0 - SUBJECT ADDED ENTRY--TOPICAL TERM
Topical term or geographic name as entry element Child abuse
Form subdivision Fiction.
655 #7 - INDEX TERM--GENRE/FORM
Genre/form data or focus term Mystery fiction.
Source of term gsafd
655 #7 - INDEX TERM--GENRE/FORM
Genre/form data or focus term Medical novels.
Source of term gsafd
856 41 - ELECTRONIC LOCATION AND ACCESS
Uniform Resource Identifier <a href="http://www.archive.org/details/devilswaltz00kell">http://www.archive.org/details/devilswaltz00kell</a>
Public note Free eBook from the Internet Archive
856 42 - ELECTRONIC LOCATION AND ACCESS
Uniform Resource Identifier <a href="http://www.openlibrary.org/books/OL24237365M">http://www.openlibrary.org/books/OL24237365M</a>
Public note Additional information and access via Open Library
942 ## - ADDED ENTRY ELEMENTS (KOHA)
Koha item type ЕКнига

Немає доступних примірників.